Sales and operations planning : the how to hand book (Record no. 182435)

MARC details
000 -LEADER
fixed length control field 00409nam a2200157Ia 4500
005 - DATE AND TIME OF LATEST TRANSACTION
control field 20250315122354.0
008 - FIXED-LENGTH DATA ELEMENTS--GENERAL INFORMATION
fixed length control field 231217s9999 xx 000 0 und d
020 ## - INTERNATIONAL STANDARD BOOK NUMBER
International Standard Book Number 9788173661983
082 ## - DEWEY DECIMAL CLASSIFICATION NUMBER
Classification number 658.81 WAL;1 R
100 ## - MAIN ENTRY--PERSONAL NAME
Personal name Wallace, Thomas F.
245 #0 - TITLE STATEMENT
Title Sales and operations planning : the how to hand book
250 ## - EDITION STATEMENT
Edition statement 2nd ed.
260 ## - PUBLICATION, DISTRIBUTION, ETC. (IMPRINT)
Date of publication, distribution, etc. 2004
Name of publisher, distributor, etc. SPD
Place of publication, distribution, etc. Bangalore
300 ## - PHYSICAL DESCRIPTION
Extent xx+173
942 ## - ADDED ENTRY ELEMENTS (KOHA)
Koha item type Books
Holdings
Date last seen Total Checkouts Full call number Accession number Old discount Price effective from Category Lost status Damaged status Department Withdrawn status bill date Permanent Location Current Location Shelving location Entry date Vendor Grants Currency symbol Conversion rate Discount Discount type
26/01/2024   658.81 WAL;1 R 53068   26/01/2024 Books     Central Library   11/04/2005 Central Library Central Library F-Block Library Annex   Publisher DONATED RS 1   Rupees

© For any Suggestions or Query, please contact the library staff @ librarian@pes.edu or Phone: +9180 2672 1983/ 2108.